Africa: Least Populated Countries Map Quiz - Statistics

General Stats
  • This quiz has been taken 49 times
  • The average score is 14 of 15
Answers on the Map
Answers color-coded by a green-red scale on the quiz's map according to % correct below.
 
Answer Stats
Population Answer % Correct
1,259,568 Eswatini
100%
2,369,626 Lesotho
100%
528,019 Cape Verde
98%
241,529 São Tomé and Príncipe
98%
133,510 Seychelles
98%
887,078 Comoros
96%
1,267,490 Mauritius
96%
1,188,077 Djibouti
93%
1,949,722 Equatorial Guinea
91%
2,837,799 Gambia
91%
2,262,232 Guinea-Bissau
87%
2,606,761 Gabon
85%
2,572,703 Botswana
83%
3,108,799 Namibia
83%
3,626,367 Eritrea
78%
No matching quizzes found
Score Distribution
Percent of People with Each Score
Percentile by Number Answered
Your Score History
You have not taken this quiz